| 000 | 00680nam a2200205Ia 4500 | ||
|---|---|---|---|
| 003 | OSt | ||
| 005 | 20240813163108.0 | ||
| 008 | 210210b1959 xxu||||| |||| 00| 0 eng d | ||
| 040 |
_aAL _c |
||
| 041 | _aKannada | ||
| 082 | _a856/7 | ||
| 100 |
_aKAPILA _931784 _dಕಪಿಲ |
||
| 245 |
_aBharatiya janapada nratyagalu _bಭಾರತೀಯ ಜಾನಪದ ನೃತ್ಯಗಳು |
||
| 260 |
_aBengaluru _bArunodaya Prakashana _c1959 |
||
| 690 |
_aKannada Miscellaneous _931790 |
||
| 700 |
_aRaman _931791 _dರಾಮನ್ |
||
| 700 |
_aSACHCHIDANANDA VATSAYAN _dಸಚ್ಚಿದಾನಂದ ವಾತ್ಸಾಯನ್ _9177173 |
||
| 906 | _a020257 | ||
| 942 |
_2ddc _cBK |
||
| 999 |
_c144409 _d144409 |
||